| 000 | 00805cam a2200265 4500 | ||
|---|---|---|---|
| 001 | ABS61361 | ||
| 008 | 000000n1999 000 0 eng u | ||
| 035 | _a(Sirsi) u101068 | ||
| 100 | _aKeith, B. | ||
| 245 | 4 | _aThe Habitats Regulations: protection for wildlife | |
| 260 | _c1999 | ||
| 490 |
_aCSM _bChartered Surveyor Monthly _v9(2) October 1999, 26-27(2) |
||
| 520 | _aConsiders the safeguards employed to protect natural habitats and wildlife. Explains how UK legislation implements these protective measures. | ||
| 590 | _aABS | ||
| 650 | _aHABITATS DIRECTIVE | ||
| 650 | _aWILDLIFE CONSERVATION | ||
| 650 | _aUNITED KINGDOM | ||
| 650 | _aLEGISLATION | ||
| 650 | _aKENT | ||
| 650 | _aESSEX | ||
| 650 | _aSCOTLAND | ||
| 650 | _aRURAL AREAS | ||
| 690 | _aCONSERVATION | ||
| 942 | _n0 | ||
| 999 |
_c60302 _d60302 |
||